| 000 | 00592nam a2200205Ia 4500 | ||
|---|---|---|---|
| 005 | 20250508152942.0 | ||
| 008 | 008 250505s9999 xx 000 0 eng d | ||
| 037 | _aTextual | ||
| 040 |
_aFEDL _beng _cFEDL |
||
| 041 |
_aeng _2eng |
||
| 084 |
_a658, EDD _qFEDL |
||
| 100 |
_aEddison R T _9154382 |
||
| 245 | 0 | _aOperational research in management | |
| 260 |
_aLondon, UK _b The English Universities Press Ltd. _c1962 |
||
| 300 | _axi,330p | ||
| 490 | _aManagement science series | ||
| 700 |
_a Rivett B H P _9762822 |
||
| 942 |
_cTEXL _h658, EDD |
||
| 999 |
_c1339783 _d1339783 |
||